Every 1,000,000+ Central Chinese City on a Map - Statistics

General Stats
  • This quiz has been taken 838 times
    202 since last reset
  • The average score is 9 of 24
Answers on the Map
Answers color-coded by a green-red scale on the quiz's map according to % correct below.
 
Answer Stats
Population City % Correct
12,900,000 Wuhan
98%
11,600,000 Changsha
80%
10,500,000 Zhengzhou
74%
3,825,000 Luoyang
49%
1,380,000 Kaifeng
43%
2,025,000 Anyang
40%
2,725,000 Xinxiang
38%
1,210,000 Ezhou
34%
1,260,000 Hengyang
34%
1,260,000 Changde
32%
1,420,000 Yichang
32%
1,720,000 Nanyang
31%
2,150,000 Pingdingshan
31%
1,760,000 Puyang
31%
1,670,000 Jiaozuo
28%
1,770,000 Shangqiu
28%
1,250,000 Yueyang
28%
1,240,000 Xinyang
26%
1,830,000 Xiangyang
25%
1,430,000 Xuchang
25%
1,120,000 Zhoukou
25%
1,100,000 Shaoyang
23%
1,100,000 Shiyan
23%
1,060,000 Liuyang
20%
No matching quizzes found
Score Distribution
Percent of People with Each Score
Percentile by Number Answered
Your Score History
You have not taken this quiz since the last reset